| 000 | 00435nam a22001457a 4500 | ||
|---|---|---|---|
| 003 | OSt | ||
| 082 |
_a631.37 _bABI |
||
| 088 | _a573 | ||
| 100 |
_aABINA. M _aNAVANEETH. K P _aRENJITHA. N R _aYADHU KRISHNAN. B _95482 |
||
| 245 | _aDEVELOPMENT OF RETRACTABLE ARM MOUNTED PESTICIDE APPLICATOR | ||
| 260 |
_aTAVANUR _bDEPARTMENT OF FARM MACHINERY AND POWER ENGINEERING _c2023 |
||
| 300 | _a58 | ||
| 700 |
_aDHALIN.D (Guide) _94302 |
||
| 942 | _cPR | ||
| 999 |
_c17711 _d17711 |
||